Countries With The Most Russian Diaspora - Statistics

General Stats
  • This quiz has been taken 114 times
  • The average score is 12 of 15
Answer Stats
Number Of Russian Diaspora Country % Correct
3,100,000 United States
99%
8,300,000 Ukraine
97%
550,520 Canada
95%
1,213,000 Germany
92%
3,619,002 Kazakhstan
91%
350,000 France
88%
800,000 Belarus
87%
570,000 Latvia
82%
310,000 Estonia
78%
640,000 Uzbekistan
78%
340,000 Brazil
74%
400,000 Kyrgyzstan
68%
370,000 Moldova
65%
350,000 Argentina
62%
1,000,000 Israel
43%
No matching quizzes found
Score Distribution
Percent of People with Each Score
Percentile by Number Answered
Your Score History
You have not taken this quiz